Catálogo

TEORIA GENERAL DE LAS OBLIGACIONES (Registro nro. 7387)

Detalles MARC
000 -LEADER
fixed length control field 00518nam a2200205 a 4500
001 - CONTROL NUMBER
control field 7387
005 - DATE AND TIME OF LATEST TRANSACTION
control field 20180713191258.0
008 - FIXED-LENGTH DATA ELEMENTS--GENERAL INFORMATION
fixed length control field 140415s1984 mx 000 0 spa d
020 ## - INTERNATIONAL STANDARD BOOK NUMBER
International Standard Book Number 9684329822
041 ## - LANGUAGE CODE
Language code of text/sound track or separate title spa
082 ## - DEWEY DECIMAL CLASSIFICATION NUMBER
Classification number 346
Item number GAU
100 1# - MAIN ENTRY--PERSONAL NAME
Personal name GAUDEMET, EUGENE
245 10 - TITLE STATEMENT
Title TEORIA GENERAL DE LAS OBLIGACIONES
250 ## - EDITION STATEMENT
Edition statement 2a ed.
260 ## - PUBLICATION, DISTRIBUTION, ETC.
Place of publication, distribution, etc. MEXICO :
Name of publisher, distributor, etc. PORRUA,
Date of publication, distribution, etc. 1984
300 ## - PHYSICAL DESCRIPTION
Extent 534
650 14 - SUBJECT ADDED ENTRY--TOPICAL TERM
Topical term or geographic name entry element DERECHO CIVIL
700 1# - ADDED ENTRY--PERSONAL NAME
Personal name MACEDO, PABLO
Relator term tr.
700 1# - ADDED ENTRY--PERSONAL NAME
Personal name CAPITANT, HENRI
Relator term pról.
Existencias
Withdrawn status Lost status Source of classification or shelving scheme Damaged status Not for loan Collection code Home library Current library Shelving location Date acquired Source of acquisition Total Checkouts Full call number Barcode Price effective from Koha item type Inventory number Date last seen Date last checked out
    Dewey Decimal Classification     General Biblioteca Karol Wojtyla Biblioteca Karol Wojtyla Sala general 03/12/2013 Compra 2 346 GAU 34705 03/12/2013 Libro 151000000000000000046105 05/01/2026 22/06/2019
    Dewey Decimal Classification     General Biblioteca Karol Wojtyla Biblioteca Karol Wojtyla Sala general 03/12/2013 Compra   346 GAU 20323 03/12/2013 Libro 151000000000000000046104 05/01/2026  
    Dewey Decimal Classification     General Biblioteca Karol Wojtyla Biblioteca Karol Wojtyla Sala general 03/12/2013 Compra   346 GAU 53093 03/12/2013 Libro 151000000000000000046106 05/01/2026  
Descarte   Dewey Decimal Classification     General Tehuacán Tehuacán Sala general 03/12/2013 Compra   346.72 GAU 20322 03/12/2013 Libro      
Descarte   Dewey Decimal Classification     General Tehuacán Tehuacán Sala general 03/12/2013 Compra 1 346 GAU 34706 03/12/2013 Libro   11/02/2019 31/01/2019